00454 2200169 4500001002100000005001500021035001900036245005200055100001600107300003900123260004900162082000700211084001300218020002100231990001600252990001600268INLIS00000000000287020260302125507$a 0010-0326000002$a Selamat Menunaikan Ibadah Puisi /$c Joko Pinurbo$a Joko Pinurbo$a 192 hlm : $b ilus ; $c 13.5 x 20 cm$a Jakarta :$b PT Gramedia Pustaka Utama,$c 2016$a 800$a 800 JOK s$a 978-602-06-4573-5$a 109/2026 c.1$a 110/2026 c.2